Guess the Taylor Swift song by First Lyric (1989 TV) - Statistics

General Stats
  • This quiz has been taken 123 times
  • The average score is 17 of 22
Answer Stats
Hint Answer % Correct
'Cause baby, now we got ___ _____ Bad Blood
95%
Midnight, You come and pick me up, no headlights, Long drive Style
95%
Nice to meet you, where you been?, I could show you incredible things Blank Space
92%
I stay out too late, Got nothing in my brain Shake it Off
92%
He said, "Let's get out of this town, Drive out of the city, away from the crowds", I thought Heaven can't help me now Wildest Dreams
91%
We're all bored, We're all so tired of everything, We wait for trains that just aren't coming New Romantics
86%
Looking at it now, It all seems so simple, We were lying on your couch, I remember Out of the Woods
85%
Flamingo pink, Sunrise Boulevard, Clink, clink, being this young is art Slut
83%
The drought was the very worst, (Oh-oh, oh-oh), When the flowers that we'd grown together died of thirst Clean
82%
Stand there like a ghost, Shaking come the rain, rain, She'll open up the door How You Get the Girl
81%
Walkin' through a crowd, the village is aglow, Kaleidoscope of loud heartbeats under coats Welcome to New York
78%
Flashing lights, And we took a wrong turn, And we fell down a rabbit hole, You held on tight to me Wonderland
78%
People like you always want back the love they gave away, And people like me wanna believe you when you say you've changed All You Had to Do Was Stay
77%
You went to a party, I heard from everybody, You part the crowd like the Red Sea Now That We Don't Talk
77%
Clear blue water, High tide came and brought you in, And I could go on and on, on and on, and I will This Love
76%
Once the flight had flown, With the wilt of the rose, I slept all alone, You still wouldn't go Is it Over Now
74%
One look, dark room, Meant just for you, Time moved too fast, You play it back You Are in Love
74%
You had people who called you on unmarked numbers, In my peripheral vision, I let it slide like a hose on a slippery plastic summer Suburban Legends
73%
It's 2 am, in your car, Windows down, past my street, memories start, You say it's in the past I Wish You Would
71%
You stand with your hand on my waistline, It's a scene, and we're out here in plain sight I know Places
67%
I've known it from the very start, We're a shot in the darkest dark, Oh no, oh no, I'm unarmed Say Don't Go
66%
Hit the ground, hit the ground, hit the ground, oh oh, Only sound, only sound that you hear is, "No" Sweeter Than Fiction
43%
No matching quizzes found
Score Distribution
Percent of People with Each Score
Percentile by Number Answered
Your Score History
You have not taken this quiz